Sports Quiz

Random Sports Quiz
Score 0/129 Timer 10:00
0 Plays Today
Win/Loss Record Wrestler % Correct
5--3Sting
93.8%
5--5A.J. Styles
87.7%
2--5Kurt Angle
87.7%
5--6Samoa Joe
86.2%
2--3Jeff Hardy
81.5%
0--8Christopher Daniels
80%
0--3Senshi
78.5%
4--5Bobby Roode
76.9%
3--6James Storm
76.9%
2--7Abyss
76.9%
1--3Jeff Jarrett
76.9%
3--5Brother Ray
76.9%
0--4Kip James
73.8%
0--5Kazarian
73.8%
3--2Brother Devon
73.8%
0--3Angelina Love
73.8%
0--3B.G. James
72.3%
5--2Rhino
70.8%
2--0Gail Kim
70.8%
1--1Kevin Nash
70.8%
0--1Mickie James
70.8%
4--3Eric Young
69.2%
4--4Chris Sabin
69.2%
0--1Mick Foley
66.2%
3--0Rob Van Dam
66.2%
2--5Alex Shelley
64.6%
4--3Hernandez
64.6%
1--5Velvet Sky
64.6%
2--1Brutus Magnus
64.6%
2--1Tara
64.6%
1--0David Young
63.1%
2--2Homicide
63.1%
1--1Scott Steiner
63.1%
0--3Awesome Kong
63.1%
0--4Matt Morgan
63.1%
1--1Booker T
63.1%
1--1Mr. Anderson
63.1%
2--0Ethan Carter III
63.1%
1--3Petey Williams
61.5%
1--1Doug Williams
61.5%
0--1Sanada
60.5%
1--0Tajiri
60.5%
1--2Christian Cage
60%
Win/Loss Record Wrestler % Correct
1--0Rick Steiner
60%
2--2O.D.B.
60%
2--3Austin Aries
58.5%
1--1Monty Brown
58.5%
0--3Ron Killings
58.5%
0--2Jimmy Rave
58.5%
2--0Robbie E
58.5%
1--0The Great Muta
58.1%
1--2Chris Harris
56.9%
1--2Raven
56.9%
0--3Madison Rayne
56.9%
0--1Hulk Hogan
56.9%
0--2Manik
55.4%
0--1Brother Runt
53.8%
0--3Consequences Creed
53.8%
1--2Elix Skipper
52.3%
0--1Jackie Moore
52.3%
1--2Sabu
50.8%
3--2Jay Lethal
50.8%
0--1Suicide
50.8%
1--1Chavo Guerrero
50.8%
0--2Miss Tessmacher
50.8%
1--0MVP
48.8%
2--0Taylor Wilde
47.7%
1--1Shannon Moore
47.7%
1--0D'Angelo Dinero
47.7%
1--1Tommy Dreamer
47.7%
0--1Gunner
47.7%
0--3Johnny Devine
46.2%
1--0Bobby Lashley
46.2%
0--1Jerry Lynn
46.2%
0--4Lance Hoyt
44.6%
0--2Andy Douglas
44.6%
1--0Tomko
44.6%
1--0Stevie Richards
44.6%
1--0Knox
44.6%
1--3Sonjay Dutt
43.1%
0--4Shark Boy
43.1%
0--1Konnan
43.1%
1--1Jesse Neal
43.1%
2--0Jessie Godderz
43.1%
0--2Matt Bentley
41.5%
1--0Amazing Red
41.5%
Win/Loss Record Wrestler % Correct
0--2Chase Stevens
40%
0--1Zema Ion
40%
1--0D.O.C.
40%
1--0Havok
39.5%
1--1A-1
38.5%
0--1Black Reign
38.5%
1--0Sarita
38.5%
0--1Brian Kendrick
38.5%
0--1Winter
36.9%
0--1Ryota Hama
34.9%
0--1Jushin Liger
33.8%
0--1Junior Fatu
33.8%
0--2Roxxi Laveaux
33.8%
0--1Orlando Jordan
33.8%
0--1Christy Hemme
32.3%
0--1Max Buck
32.3%
0--1Jeremy Buck
32.3%
1--0Anarquia
32.3%
1--0Crimson
30.8%
0--1Al Snow
30.8%
0--1Sonny Siaki
29.2%
1--0Sheik Abdul Bashir
27.7%
1--0Joey Ryan
27.7%
1--0Simon Diamond
26.2%
1--0Rhaka Khan
26.2%
0--1Kaz Hayashi
25.6%
0--1Apolo
24.6%
0--1Shelly Martinez
24.6%
1--0Minoru Tanaka
23.3%
0--1Roderick Strong
20%
0--1Kazma Sakamoto
18.6%
0--1Andy Wu
18.6%
0--1El Hijo del Pantera
18.6%
0--1Larry Zbyszko
18.5%
0--1Norv Fernum
18.5%
0--1Zach Gowen
16.9%
0--1Sirelda
16.9%
0--1D-Ray 3000
16.9%
0--1Norman Smiley
16.9%
1--0Jiro Kuroshio
16.3%
1--0Yusuke Kodama
16.3%
0--1Ms. Brooks
15.4%
0--1Short Sleeve Sampson
12.3%

You're not logged in!

Compare scores with friends on all Sporcle quizzes.
OR
Log In

Sporcle TV

Today on Sporcle TV


Watch our educational content, quiz creation guides, and fun videos on Sporcle TV.

Show Comments

Extras

Created Jan 16, 2014ReportNominate
Tags:bound, draw, glory, loss, PPV, record, tie, tna, win

Top Quizzes Today


Score Distribution

Paid Content

Your Account Isn't Verified!

In order to create a playlist on Sporcle, you need to verify the email address you used during registration. Go to your Sporcle Settings to finish the process.

Report this User

Report this user for behavior that violates our Community Guidelines.

Details: